00509nam a2200157 a 4500008004100000050002200041100002000063245008700083260003900170300000900209350000900218490004600227650001400273650004300287700002100330060801s2005 ||||||||||||||||| || u aIBRD(08)PRWP/3795 aBerger, Allen N12aA more complete conceptual framework for financing of small and medium enterprises aWashington, D. CbWorld Bankc2005 a29p. a0.00 aWorld Bank policy research working papers 0aECONOMICS aSMALL AND MEDIUM ENTERPRISES--RESEARCH aUdell, Gregory F